Sociology : a systematic introduction (Record no. 607752)

MARC details
000 -LEADER
fixed length control field 00621nam a22002177a 4500
008 - FIXED-LENGTH DATA ELEMENTS--GENERAL INFORMATION
fixed length control field 260108b |||||||| |||| 00| 0 eng d
020 ## - INTERNATIONAL STANDARD BOOK NUMBER
ISBN 9780415175180
Paper back/Hardbound hbk
041 ## - LANGUAGE CODE
Language code of text/sound track or separate title eng
082 ## - DEWEY DECIMAL CLASSIFICATION NUMBER
Classification number 301
Item number joh
100 ## - MAIN ENTRY--AUTHOR NAME
Personal name Harry M. Johnson
Personal name Mannheim Karl
245 ## - TITLE STATEMENT
Title Sociology : a systematic introduction
Statement of responsibility, etc founded by Karl Mannheim and edited by Harry M. Johnson
260 ## - PUBLICATION, DISTRIBUTION, ETC. (IMPRINT)
Place of publication Oxfordshire [England]
Name of publisher Routledge
Year of publication , 2011
300 ## - PHYSICAL DESCRIPTION
Number of Pages 688 p.
Dimensions 23 cm.
504 ## - BIBLIOGRAPHY, ETC. NOTE
Bibliography, etc Includes index
650 ## - SUBJECT ADDED ENTRY--TOPICAL TERM
Topical Term Sociology
700 ## - ADDED ENTRY--PERSONAL NAME
Personal name Harry M. Johnson
Personal name Karl Mannheim
942 ## - ADDED ENTRY ELEMENTS (KOHA)
Koha item type English Books
Holdings
Withdrawn status Lost status Damaged status Not for loan Home library Current library Shelving location Date acquired Full call number Accession Number Price effective from Koha item type
        Anna Centenary Library Anna Centenary Library 3RD FLOOR, B WING 23.08.2010 301 joh 176471 08.01.2026 English Books

Find us on the map